<The> Chinese economy transitions and growth

Saved in:
Bibliographic Details
Main Author: Naughton, Barry
Format: Book
Language:English
Published: Cambridge <The> MIT Press 2007
Subjects:
Tags: Add Tag
No Tags, Be the first to tag this record!

MARC

LEADER 00000nam$a2200000$$$4500
001 0053837
005 20240306135723.2
020 |a 0-262-64064-3 
020 |a 978-0-262-64064-0 
041 0 |a eng 
044 |a US 
245 1 0 |a <The> Chinese economy  |b transitions and growth  |c Barry Naughton 
264 1 |a Cambridge  |b <The> MIT Press  |c 2007 
300 |a xvi, 528 s. 
610 2 0 |a Čína 
610 2 0 |a politika hospodárska 
610 2 0 |a rozvoj hospodársky 
610 2 0 |a situácia hospodárska 
610 2 0 |a obdobie prechodné 
610 2 0 |a reformy hospodárske 
610 2 0 |a vývoj hospodársky 
610 2 0 |a rast hospodársky 
100 1 |a Naughton, Barry